000 00585nam a2200205Ia 4500
005 20250923145443.0
008 008 250917s9999 xx 000 0 eng d
037 _aTextual
040 _aDSWL
_beng
_cDSWL
041 _aeng
_2eng
084 _aQ2:417, N21
_qDSWL
100 _aKingsbury, F.
_9835489
245 0 _aHymns of the Tamil Saivite Saints
_c by F. Kingsbury
260 _aCalcutta
_bAssociation Press
_c1921
300 _a132 p.
365 _aINR
700 _a G.E. Phillips
_9835490
942 _cTEXL
_hQ2:417, N21
999 _c1451543
_d1451543